000 01311naa a22003137a 4500
001 BR8100383
003 BR-BrBNA
005 20240918174715.0
007 ta
008 230509b bl.||||| |||| 00| 0 por d
040 _aBR-BrBNA
_bpor
_cBiblioteca Nacional de Agricultura
041 _a(Pt)
072 _aF25
_b3830
_bG514
090 _aF25 BR8100383
100 1 _aBarbosa, D.A.
111 1 _aSeminario Nacional sobre Politica de Fertilizantes
_cSao Paulo, SP (Brazil)
_d18 Sep 1980
245 1 _aProducao nacional de fertilizantes e suas materias primas. Fosforo. Fertilizantes fosfatados soluveis [Brasil]
246 1 _a[National production of fertilizers and their raw materials - Phosphorus. Phosphated soluble fertilizers [Brazil]]
246 1 _a[Annals of the National Seminar on Fertilizer Policy]
260 3 _aSao Paulo, SP (Brasil):
_c1980.
500 _aAnais do Seminario Nacional sobre Politica de Fertilizantes Sao Paulo, SP (Brasil): 1980. p. 155-303 (BR8100383-AM)F25
650 _aFertilizante
650 _aFertilizante fosfatado
650 _aSolo
650 _aSolubilidade
773 0 _tAnais do Seminario Nacional sobre Politica de Fertilizantes
_wF25 BR8100383
_gSao Paulo, SP (Brasil), 1980. p. 155-303
909 _a202404
_bLucia
_c55
_dLucia Elande
942 _cAM
_2AGRIS
999 _c313025
_d313025